000 00579nam a22002057a 4500
003 ARRUPE
005 20150109151759.0
007 9780710212344
008 150109b xxu||||| |||| 00| 0 eng d
010 _aQC793.2.K46 1987
040 _chg
100 _aKenyon, I.R.
_913722
245 _aElementary Particle Physics
_cI.R. Kenyon
260 _aLondon
_bRoutledge and Kegan Paul
_c1987
300 _axii, 312p. ;
_c20cm.
650 _aParticles (Nuclear physics)
_913723
650 _aGauge fields (physics)
_913724
650 _aHadrons
_913725
942 _2lcc
_cMONOGRAPH
999 _c121589
_d121589